Pozícia ropy v ekonomickom vývoji Venezuely bakalárska práca

Salvato in:
Dettagli Bibliografici
Autore principale: Blahušová, Zuzana
Ente Autore: Obchodná fakulta EU. Katedra medzinárodného obchodu
Altri autori: Zábojník, Stanislav, 1984-
Natura: Libro
Lingua:slovacco
Pubblicazione: Bratislava 2021
Tags: Aggiungi Tag
Nessun Tag, puoi essere il primo ad aggiungerne!!

MARC

LEADER 00000nbm a2200000 4500
001 0275891
005 20220209123450.0
041 0 |a slo 
044 |a SK 
245 1 0 |a Pozícia ropy v ekonomickom vývoji Venezuely  |b bakalárska práca  |c Zuzana Blahušová ; školiteľ: Stanislav Zábojník 
264 1 |a Bratislava  |c 2021 
300 |a 65 s. 
100 1 |a Blahušová, Zuzana 
700 1 |a Zábojník, Stanislav, 1984- 
710 2 |a Obchodná fakulta EU. Katedra medzinárodného obchodu